000 01029nam a22002897a 4500
999 _c15000
_d15000
003 MIRAKIL
005 20220912152920.0
008 220912b tu ||||| |||| 00| 0 tur d
020 _a9786258049596
040 _aTR-AnCHP
_cTR-AnCHP
041 _aTur
082 _a927 Girik, F.
_bS29f 2022
100 _aSaydam, Barış
245 _aFatma Girik/
_cBarış Saydam, Bircan Usallı Silan, Burçak Evren, Cengiz Özkarabekir, Doğuşcan Göker,... (ve öte.)
260 _aİstanbul:
_bİstanbul Büyükşehir Belediyesi,
_c2022.
300 _a488 s.:
_bfotg.;
_c27 sm.
504 _aDizin vardır.
600 0 _97197
_aGirik, Fatma
_cSinema oyuncusu
_d1942-2022
_xyaşamöyküsü
650 0 _95374
_aTürk sineması
_xSinema oyuncuları
_xyaşamöyküsü
700 _97192
_aSilan, Bircan Usallı
700 _96849
_aEvren, Burçak
700 1 _94916
_aÖzkarabekir, Cengiz
700 _97193
_aGöker, Doğuşcan
700 _97194
_aAlbayrak, Haydar Ali
700 _97195
_aEsen, Şükran Kuyucak
942 _2ddc
_cBKS